|
|
|
|
| LEADER |
00000nab a2200000 a 4500 |
| 001 |
vtls000687876 |
| 003 |
SK-MaSNL |
| 005 |
20260304101804.0 |
| 008 |
250426c1998 xo 0 slo |
| 015 |
|
|
|a SNBRB1999/03-05295
|
| 035 |
|
|
|a CLN000040043
|
| 035 |
|
|
|a urn:nbn:sk:snk-abir8
|
| 035 |
|
|
|a (urnnbn)urn:nbn:sk:snk:ar-a05i6w
|
| 035 |
|
|
|a (uuid)b64f1bdc-b3a8-49e0-ac83-b79dff9ac31a
|
| 040 |
|
|
|a SNKBUCL
|b slo
|c SNKBUCL
|e AACR2
|
| 041 |
0 |
|
|a eng
|
| 044 |
|
|
|a xo
|c SK
|
| 080 |
|
|
|a 577.1:579.87.615.372
|2 1997
|
| 100 |
1 |
|
|a Horňák, V.
|4 aut
|9 1180372
|
| 245 |
1 |
0 |
|a Binding modes of PCBs to a degrading enzyme: A receptor - mapping study
|c V. Horňák, Š. Baláž, M. Májeková
|
| 300 |
|
|
|b Obr., tab.
|
| 504 |
|
|
|a Bibliogr. odkazy
|
| 504 |
|
|
|a Res. angl.
|
| 650 |
0 |
7 |
|a biodegradácia
|2 snkbucl
|9 16268
|
| 650 |
0 |
7 |
|a Acetinobacter
|2 snkbucl
|9 1397855
|
| 650 |
0 |
7 |
|a chlórfenoly
|2 snkbucl
|9 16295
|
| 650 |
0 |
7 |
|a furány
|2 snkbucl
|9 166376
|
| 650 |
0 |
7 |
|a dioxíny
|2 snkbucl
|9 16296
|
| 650 |
0 |
7 |
|a enzýmy
|2 snkbucl
|9 2463
|
| 650 |
0 |
7 |
|a biodegradácia (BIODEGRADATION), DE, MT
|2 snkbucl
|9 1397856
|
| 650 |
0 |
7 |
|a acetinobacter (ACETINOBACTER), ME, EN
|2 snkbucl
|9 1397857
|
| 650 |
0 |
7 |
|a chlorfenoly (CHLORPHENOLS), ME, CH, PD
|2 snkbucl
|9 1397858
|
| 650 |
0 |
7 |
|a dioxíny (DIOXINS), CH, ME, PD
|2 snkbucl
|9 1397859
|
| 655 |
|
7 |
|a články z novín a časopisov
|2 snkbucl
|9 267496
|
| 700 |
1 |
|
|a Baláž, Š.
|4 aut
|9 783729
|
| 700 |
1 |
|
|a Májeková, Magdaléna,
|d 1958-
|4 aut
|9 189636
|
| 773 |
0 |
|
|t General physiology and biophysics
|g Roč. 17, č. 2 (1998), s. 105-116
|x 0231-5882
|
| 850 |
|
|
|a Slovenská národná knižnica
|
| 852 |
|
|
|a Slovenská národná knižnica
|
| 958 |
|
|
|a article27
|
| 958 |
|
|
|a NB
|
| 958 |
|
|
|a OND
|
| 958 |
|
|
|a EUIPO
|
| 999 |
|
|
|c 2842644
|d 2844574
|